Pravidlá o látkach na zlepšenie potravín
Nová legislatíva - enzýmy a arómy prídu na trh len vtedy, ak budú v pozitívnom zozname. Nariadenie týkajúce sa prídavných látok do potravín. Nariadenie týkajúce sa aróm do potravín. Nariadenie týkajúce sa potravinárskych enzýmov. Nariadenie o spoločnom postupe schvaľovania prídavných látok, enzýmov...
Enregistré dans:
| Auteur principal: | |
|---|---|
| Format: | Chapitre de livre |
| Langue: | slovaque |
| Sujets: | |
| Tags: |
Pas de tags, Soyez le premier à ajouter un tag!
|
MARC
| LEADER | 00000naa$a2200000$$$4500 | ||
|---|---|---|---|
| 001 | 0076710 | ||
| 005 | 20231109065500.2 | ||
| 041 | 0 | |a slo | |
| 044 | |a SK | ||
| 245 | 1 | 0 | |a Pravidlá o látkach na zlepšenie potravín |c Iveta Trusková |
| 520 | |a Nová legislatíva - enzýmy a arómy prídu na trh len vtedy, ak budú v pozitívnom zozname. Nariadenie týkajúce sa prídavných látok do potravín. Nariadenie týkajúce sa aróm do potravín. Nariadenie týkajúce sa potravinárskych enzýmov. Nariadenie o spoločnom postupe schvaľovania prídavných látok, enzýmov a aróm. | ||
| 610 | 2 | 0 | |a potraviny |
| 610 | 2 | 0 | |a výživa |
| 610 | 2 | 0 | |a bezpečnosť potravinová |
| 610 | 2 | 0 | |a legislatíva |
| 100 | 1 | |a Trusková, Iveta | |